[Event "HUN-chT2 Asztalos 1617"]
[Site "Hungary"]
[Date "2017.01.29"]
[Round "7.11"]
[White "Radics, Nora"]
[Black "Minorics, Tibor"]
[Result "1-0"]
[WhiteElo "1537"]
[BlackElo "1772"]
[PlyCount "101"]
[EventDate "2016.09.25"]
[EventType "team-tourn"]
[EventRounds "11"]
[EventCountry "HUN"]
[SourceTitle "EXT 2021"]
[Source "ChessBase"]
[SourceDate "2020.10.23"]
[SourceVersion "1"]
[SourceVersionDate "2020.10.23"]
[SourceQuality "1"]
[WhiteTeam "Kiraly Sakk"]
[BlackTeam "Marcali"]
[WhiteTeamCountry "HUN"]
[BlackTeamCountry "HUN"]

1. d4 d5 2. f4 c5 3. e3 Nc6 4. Nf3 Bg4 5. c3 e6 6. Be2 Nf6 7. Nbd2 Bxf3 8. Bxf3 Bd6 9. 0-0 h6 10. Be2 c4 11. Qc2 Qc7 12. g3 Nh7 13. e4 b5 14. e5 Be7 15. f5 0-0-0 16. fxe6 fxe6 17. a4 a6 18. axb5 axb5 19. b3 Rdf8 20. Rxf8+ Nxf8 21. bxc4 bxc4 22. Qa4 h5 23. Nf3 Kd7 24. Ng5 g6 25. Nh3 Qb7 26. Ba3 Rh7 27. Rf1 Ke8 28. Bxe7 Rxe7 29. Qc2 Rf7 30. Rb1 Qa7 31. Nf4 Nxe5 32. Kh1 Ng4 33. Bxg4 hxg4 34. Nxg6 Rf6 35. Ne5 Nh7 36. Nxg4 Rf5 37. Ne5 Nf8 38. Qb2 Qa8 39. Qb8+ Qxb8 40. Rxb8+ Ke7 41. Rb7+ Kf6 42. Rf7+ Kg5 43. h4+ Kh6 44. Rxf5 exf5 45. Nc6 Ng6 46. Kg2 f4 47. gxf4 Nxf4+ 48. Kf3 Ng6 49. Kg4 Nf8 50. Ne7 Nd7 51. Nxd5 1-0

[Event "HUN-chT2 Asztalos 1516"]
[Site "Hungary"]
[Date "2016.02.28"]
[Round "8.9"]
[White "Ragyelik, Andras"]
[Black "Minorics, Tibor"]
[Result "1/2-1/2"]
[WhiteElo "1810"]
[BlackElo "1767"]
[PlyCount "107"]
[EventDate "2015.09.13"]
[EventType "team-tourn"]
[EventRounds "11"]
[EventCountry "HUN"]
[SourceTitle "EXT 2017"]
[Source "ChessBase"]
[SourceDate "2016.10.25"]
[SourceVersion "1"]
[SourceVersionDate "2016.10.25"]
[SourceQuality "1"]
[WhiteTeam "Kiraly Sakk"]
[BlackTeam "Marcali"]
[WhiteTeamCountry "HUN"]
[BlackTeamCountry "HUN"]

1. e4 e6 2. d3 d5 3. Nd2 d4 4. Ngf3 c5 5. g3 Nc6 6. Bg2 e5 7. 0-0 Bd6 8. a4 Bg4 9. Nc4 Nge7 10. Bd2 Qd7 11. h3 Be6 12. Nxd6+ Qxd6 13. Ng5 Bd7 14. f4 f6 15. Nf3 Be6 16. Qe2 0-0 17. f5 Bf7 18. g4 g5 19. h4 h6 20. hxg5 hxg5 21. Qf2 Kg7 22. Nxg5 Rh8 23. Nxf7 Kxf7 24. Qf3 Rag8 25. Kf2 Qd8 26. Rh1 Qf8 27. Rxh8 Rxh8 28. Rh1 Ke8 29. Rxh8 Qxh8 30. Qh3 Qxh3 31. Bxh3 Ng8 32. Kg3 Kf7 33. Kh4 Kg7 34. g5 b6 35. Bg4 Nd8 36. gxf6+ Nxf6 37. b4 Nc6 38. b5 Nb8 39. c3 Nh7 40. cxd4 cxd4 41. Bb4 Nf6 42. Bd1 Nbd7 43. Kg5 Nh7+ 44. Kh4 Nhf6 45. Bb3 Ne8 46. Be6 Ndf6 47. Be1 Nc7 48. Bc8 Nh7 49. Bg3 Kf6 50. Kh5 Ne8 51. Kh6 Nf8 52. Bh4+ Kf7 53. Bb7 Nf6 54. Bxf6 1/2-1/2

[Event "HUN-chT2 Szechenyi 1112"]
[Site "Hungary"]
[Date "2012.05.06"]
[Round "10.5"]
[White "Finy, Mark"]
[Black "Minorics, Tibor"]
[Result "1-0"]
[WhiteElo "1869"]
[BlackElo "1795"]
[PlyCount "71"]
[EventDate "2011.09.25"]
[EventType "team-tourn"]
[EventRounds "11"]
[EventCountry "HUN"]
[SourceTitle "EXT 2013"]
[Source "ChessBase"]
[SourceDate "2012.11.22"]
[SourceVersion "1"]
[SourceVersionDate "2012.11.22"]
[SourceQuality "1"]
[WhiteTeam "Arboretum"]
[BlackTeam "Zalakaros"]
[WhiteTeamCountry "HUN"]
[BlackTeamCountry "HUN"]

1. d4 d5 2. c4 e6 3. Nf3 Nf6 4. Bg5 Be7 5. Nc3 h6 6. Bf4 c6 7. cxd5 exd5 8. a3 Bd6 9. Bxd6 Qxd6 10. e3 Bf5 11. Qb3 Qc7 12. Rc1 Nbd7 13. Nxd5 Qa5+ 14. Nc3 Qb6 15. Qa2 0-0 16. Bc4 Qc7 17. 0-0 c5 18. Nd5 Nxd5 19. Bxd5 Qb6 20. dxc5 Nxc5 21. b4 Ne4 22. Nd4 Bg6 23. Nf3 Nf6 24. Bb3 Rac8 25. Rxc8 Rxc8 26. Ne5 Bf5 27. Bxf7+ Kh7 28. h3 Qd6 29. Nf3 Rc7 30. Nd4 Bd7 31. Bb3 Kh8 32. Rd1 Qe7 33. Qb2 a6 34. Rc1 Be8 35. Nf5 Qd8 36. Rxc7 1-0

[Event "HUN-chT2 Szechenyi 1112"]
[Site "Hungary"]
[Date "2012.01.29"]
[Round "5.6"]
[White "Minorics, Tibor"]
[Black "Szabo, Zoltan"]
[Result "1/2-1/2"]
[WhiteElo "1795"]
[BlackElo "1874"]
[PlyCount "70"]
[EventDate "2011.09.25"]
[EventType "team-tourn"]
[EventRounds "11"]
[EventCountry "HUN"]
[SourceTitle "EXT 2013"]
[Source "ChessBase"]
[SourceDate "2012.11.22"]
[SourceVersion "1"]
[SourceVersionDate "2012.11.22"]
[SourceQuality "1"]
[WhiteTeam "Zalakaros"]
[BlackTeam "Pet"]
[WhiteTeamCountry "HUN"]
[BlackTeamCountry "HUN"]

1. d4 Nf6 2. c4 c5 3. e3 e6 4. Nf3 b6 5. Nc3 Bb7 6. Be2 d5 7. 0-0 a6 8. Ne5 Be7 9. b3 0-0 10. Bb2 cxd4 11. exd4 dxc4 12. bxc4 Nbd7 13. Bf3 Qc7 14. Bxb7 Qxb7 15. Nxd7 Qxd7 16. Rc1 Rfd8 17. Ne2 Rac8 18. Qb3 Ne4 19. Rfd1 Bf6 20. f3 Nd6 21. c5 Nb5 22. cxb6 Rxc1 23. Rxc1 Nxd4 24. Nxd4 Bxd4+ 25. Bxd4 Qxd4+ 26. Kf1 Rb8 27. a4 Kf8 28. a5 Ke7 29. Qc2 Qd5 30. Qc7+ Kf6 31. Qxb8 Qd3+ 32. Kf2 Qd2+ 33. Kg3 Qg5+ 34. Kf2 Qd2+ 35. Kg3 Qg5+ 1/2-1/2